000 00436nam a2200145 4500
001 125717
003 ES-MaACL
007 t|
008 070214s1917 sp r ||||1| spa d
100 1 _aRatti-Kámeke, Richard.
_995537
245 1 0 _aEjercicios graduados de terminología médica alemana /
_cRichard Ratti-Kámeke.
260 _aBarcelona :
_bModesto Berdós,
_c1917.
300 _aVIII, 206 p. ;
_c22 cm.
852 _aES-MaACL
_jE-212
999 _c125717
_d125717